000 01641ngm a22003610a 4500
001 PT58244
003 AR-LpoUNG
005 20210202000121.0
007 vd cvaizq
008 191001s2004||||ag |||||||||||||||||eng d
037 _c$5
040 _aAR-LpoUNG
_bspa
_cAR-LpoUNG
_eaacr
041 _aeng
044 _aag
082 0 _a306.734 619gra
100 1 _aClayton, Jack
_edir.
245 1 3 _aEl gran Gatsby
260 _aBuenos Aires :
_bAVH,
_c2004.
300 _aDVD (143min.) : son., col.
505 0 _aHecha en 1974 en Estados Unidos. Guión: Francis Ford Coppola, basada en la novela de Francis Scott Fitzgerald. Música: Nelson Riddle. Reparto: Robert Redford, Mia Farrow, Bruce Dern, Karen Black. Subtítulos en inglés, portugués y castellano.
520 _aNick Carraway es un joven del Medio Oeste que se traslada a vivir a West Egg, en Nueva York. Su vecino, el misterioso señor Gatsby, vive en una lujosa mansión y organiza continuas y espectaculares fiestas. Jay Gatsby, un hombre de origen humilde que se ha enriquecido tras la I Guerra Mundial (1914-1918), vive atormentado por el amor de la bella Daisy, que no ha sabido esperarlo y se ha casado con otro. Pero a los oídos de Nick, que ha conseguido entrar en el exclusivo círculo social de Gatsby, llegan oscuras historias que le hacen recelar del extravagante personaje.
650 4 _aESTADOS UNIDOS
650 4 _aGUERRA
650 4 _aMATRIMONIO
650 4 _aRELACIONES HUMANAS
653 _aCINE ESTADOUNIDENSE
653 _aDVD
653 _aMELODRAMA
653 _aROMANTICA
653 _aVIDEOS
905 _a58244
942 _cDVD
999 _c54152
_d54152